Online
Catalog

¿Qué es el patriotismo? ; (Record no. 27586)

MARC details
000 -CABECERA
campo de control de longitud fija 01901nam a2200313 a 4500
001 - NÚMERO DE CONTROL
campo de control 000028094
003 - IDENTIFICADOR DEL NÚMERO DE CONTROL
campo de control DO-SdBNP
005 - FECHA Y HORA DE LA ÚLTIMA TRANSACCIÓN
campo de control 20250625134028.0
008 - DATOS DE LONGITUD FIJA--INFORMACIÓN GENERAL
campo de control de longitud fija 110406s1974 dr 000 | spa d
040 ## - FUENTE DE LA CATALOGACIÓN
Centro catalogador/agencia de origen DO-SdBNP
Lengua de catalogación spa
Centro/agencia transcriptor BNPHU
082 #4 - NÚMERO DE LA CLASIFICACIÓN DECIMAL DEWEY
Número de clasificación F-RD 102
100 1# - ENTRADA PRINCIPAL--NOMBRE DE PERSONA
Nombre de persona Alfonseca, José D.
9 (RLIN) 55106
245 1# - MENCIÓN DE TÍTULO
Título ¿Qué es el patriotismo? ;
Resto del título Procreación consciente como factor de mejoramiento social /
Mención de responsabilidad, etc. José D. Alfonseca.
246 13 - FORMA VARIANTE DE TÍTULO
Título propio/Titulo breve Procreación consciente como factor de mejoramiento social
250 ## - MENCIÓN DE EDICIÓN
Mención de edición 2ª ed. facsím.
260 ## - PUBLICACIÓN, DISTRIBUCIÓN, ETC.
Lugar de publicación, distribución, etc. Santo Domingo :
Nombre del editor, distribuidor, etc. Secretaría de Educación,
Fecha de publicación, distribución, etc. 1974.
300 ## - DESCRIPCIÓN FÍSICA
Extensión 25, 36 p. ;
Dimensiones 21 cm.
490 0# - MENCIÓN DE SERIE
Mención de serie Enriquillo
501 ## - NOTA DE "CON"
Nota de “Con” Publicado con: Procreación consciente como factor de mejoramiento social /José D. Alfonseca.
533 ## - NOTA DE REPRODUCCIÓN
Tipo de reproducción Facsímil : "¿Qué es el patriotismo?"
Lugar de la reproducción Moca, República Dominicana:
Institución responsable de la reproducción Imprenta de Rojas & hijo,
Fecha de la reproducción 1916.
Nota sobre la reproducción Conferencia pronunciada por el Dr. José D. Alfonseca en la velada patriótica celebrada la noche del 25 de febrero de 1916, por los esposos Nadal, con motivo del Día de la Escuela.
533 ## - NOTA DE REPRODUCCIÓN
Tipo de reproducción Facsímil: " Procreación consciente como factor de mejoramiento social"
Lugar de la reproducción Santo Domingo:
Institución responsable de la reproducción Imp. J. R. Vda. García.
Fecha de la reproducción [s.a.]
Nota sobre la reproducción Conferencia dictada por el Dr. José D. Alfonseca el día 22 de febrero de 1922 en el Centro de Recreo de Santiago en la velada organizada por el Club de Damas de aquella ciudad, y el 9 de noviembre 1922 en el Club La Esperanza de San Francisco de Macorís.
563 ## - NOTA DE ENCUADERNACIÓN
Nota de encuadernación Dos obras encuadernadas juntas con paginación independiente.
650 #4 - PUNTO DE ACCESO ADICIONAL DE MATERIA--TÉRMINO DE MATERIA
Término de materia o nombre geográfico como elemento de entrada Patriotismo
Subdivisión general Ensayos, conferencias, etc.
9 (RLIN) 55107
650 #4 - PUNTO DE ACCESO ADICIONAL DE MATERIA--TÉRMINO DE MATERIA
Término de materia o nombre geográfico como elemento de entrada Actitudes políticas
Subdivisión general Ensayos, conferencias, etc.
9 (RLIN) 34459
650 #4 - PUNTO DE ACCESO ADICIONAL DE MATERIA--TÉRMINO DE MATERIA
Término de materia o nombre geográfico como elemento de entrada Reproducción
Subdivisión general Ensayos, conferencias, etc.
9 (RLIN) 55108
730 02 - PUNTO DE ACCESO ADICIONAL--TÍTULO UNIFORME
Título uniforme Procreación consciente como factor de mejoramiento social
9 (RLIN) 55109
910 ## - DATOS DE OPCIÓN DEL USUARIO (OCLC)
Datos de opción del usuario Validado. Control de calidad EMS
942 ## - ELEMENTOS DE PUNTO DE ACCESO ADICIONAL (KOHA)
Fuente del sistema de clasificación o colocación Dewey Decimal Classification
Tipo de ítem Koha Libro
Holdings
Estado de retiro Estado de pérdida Restricciones de uso No para préstamo Código de colección Localización permanente Ubicación/localización actual Ubicación en estantería Fecha de adquisición Número de inventario Total de préstamos Signatura topográfica completa Código de barras Fecha visto por última vez Número de copia Precio válido a partir de Tipo de ítem Koha
        Dominicana de Servicio General General Depósito 06.04.2011 LF1   F-RD 102 28094-30 25.06.2020 e. 3 25.06.2020 Libro y Folleto Colección Dominicana de Servicio
        Dominicana de Servicio General General Depósito 06.04.2011 LF1   F-RD 102 28094-40 25.06.2020 e. 4 25.06.2020 Libro y Folleto Colección Dominicana de Servicio
        Dominicana de Servicio General General Depósito 06.04.2011 LF1   F-RD 102 28094-50 25.06.2020 e. 5 25.06.2020 Libro y Folleto Colección Dominicana de Servicio
      Excluido de préstamo Patrimonio Dominicano Patrimonio Dominicano Patrimonio Dominicano Depósito 06.04.2011 LF1   F-RD 102 28094-10 25.06.2020   25.06.2020 Libro y Folleto Colección Patrimonio Dominicano
      Excluido de préstamo Patrimonio Dominicano Patrimonio Dominicano Patrimonio Dominicano Depósito 06.04.2011 LF1   F-RD 102 28094-20 25.06.2020 e. 2 25.06.2020 Libro y Folleto Colección Patrimonio Dominicano

Powered by Koha